<?xml version="1.0" encoding="UTF-8"?>
<record
    xmlns:xsi="http://www.w3.org/2001/XMLSchema-instance"
    xsi:schemaLocation="http://www.loc.gov/MARC21/slim http://www.loc.gov/standards/marcxml/schema/MARC21slim.xsd"
    xmlns="http://www.loc.gov/MARC21/slim">

  <leader>01574cgm a22003737a 4500</leader>
  <controlfield tag="005">20140311120418.0</controlfield>
  <controlfield tag="007">vd cgaizm</controlfield>
  <controlfield tag="008">140311t2013    xxu121 e ||||  0| vceng d</controlfield>
  <datafield tag="020" ind1=" " ind2=" ">
    <subfield code="a">5039036059657</subfield>
  </datafield>
  <datafield tag="082" ind1="0" ind2="4">
    <subfield code="2">22</subfield>
    <subfield code="a">791.4372</subfield>
    <subfield code="b">LIF</subfield>
  </datafield>
  <datafield tag="245" ind1="0" ind2="0">
    <subfield code="a">Life of Pi</subfield>
    <subfield code="h">[videorecording] /</subfield>
    <subfield code="c">Fox 2000 Pictures ; a Haishang Films / Gil Netter production ; an Ang Lee film ; executive producer, Dean Georgaris ; produced by Gil Netter, Ang Lee, David Womark ; screenplay by David Magee ; directed by Ang Lee.</subfield>
  </datafield>
  <datafield tag="260" ind1=" " ind2=" ">
    <subfield code="a">[Los Angeles, United States] :</subfield>
    <subfield code="b">Twentieth Century Fox Home Entertainment LLC.,</subfield>
    <subfield code="c">c.2013.</subfield>
  </datafield>
  <datafield tag="300" ind1=" " ind2=" ">
    <subfield code="a">1 videodisc (121 min.) :</subfield>
    <subfield code="b">sd., col. ;</subfield>
    <subfield code="c">4 3/4 in.</subfield>
  </datafield>
  <datafield tag="508" ind1=" " ind2=" ">
    <subfield code="a">Director of photography Claudio Miranda ; film editor Tim Squyres ; music by Mychael Danna.</subfield>
  </datafield>
  <datafield tag="511" ind1=" " ind2=" ">
    <subfield code="a">Suraj Sharma, Irrfan Khan, Tabu.</subfield>
  </datafield>
  <datafield tag="521" ind1=" " ind2=" ">
    <subfield code="a">Fit for viewing generally but, a child under 12 years under parental guidance.</subfield>
  </datafield>
  <datafield tag="650" ind1=" " ind2="0">
    <subfield code="a">Human-animal relationships</subfield>
    <subfield code="v">Drama</subfield>
    <subfield code="9">35514</subfield>
  </datafield>
  <datafield tag="650" ind1=" " ind2="0">
    <subfield code="a">Ocean travel</subfield>
    <subfield code="v">Drama</subfield>
    <subfield code="9">35515</subfield>
  </datafield>
  <datafield tag="653" ind1=" " ind2=" ">
    <subfield code="b">GGEN</subfield>
    <subfield code="c">March2014</subfield>
  </datafield>
  <datafield tag="700" ind1="0" ind2=" ">
    <subfield code="a">Tabu,</subfield>
    <subfield code="d">1971-</subfield>
    <subfield code="9">35516</subfield>
  </datafield>
  <datafield tag="700" ind1="1" ind2=" ">
    <subfield code="a">Khan, Irrfan, </subfield>
    <subfield code="9">35517</subfield>
  </datafield>
  <datafield tag="700" ind1="1" ind2=" ">
    <subfield code="a">Sharma, Suraj,</subfield>
    <subfield code="9">35518</subfield>
  </datafield>
  <datafield tag="700" ind1="1" ind2=" ">
    <subfield code="a">Danna, Mychael,</subfield>
    <subfield code="9">35530</subfield>
  </datafield>
  <datafield tag="700" ind1="1" ind2=" ">
    <subfield code="a">Squyres, Tim,</subfield>
    <subfield code="9">35521</subfield>
  </datafield>
  <datafield tag="700" ind1="1" ind2=" ">
    <subfield code="a">Miranda, Claudio,</subfield>
    <subfield code="9">35522</subfield>
  </datafield>
  <datafield tag="700" ind1="1" ind2=" ">
    <subfield code="a">Lee, Ang,</subfield>
    <subfield code="9">35523</subfield>
  </datafield>
  <datafield tag="700" ind1="1" ind2=" ">
    <subfield code="a">Magee, David,</subfield>
    <subfield code="9">35524</subfield>
  </datafield>
  <datafield tag="700" ind1="1" ind2=" ">
    <subfield code="a">Womark, David</subfield>
    <subfield code="9">35525</subfield>
  </datafield>
  <datafield tag="700" ind1="1" ind2=" ">
    <subfield code="a">Netter, Gil</subfield>
    <subfield code="9">35526</subfield>
  </datafield>
  <datafield tag="700" ind1="1" ind2=" ">
    <subfield code="a">Georgaris, Dean</subfield>
    <subfield code="9">35527</subfield>
  </datafield>
  <datafield tag="710" ind1="2" ind2=" ">
    <subfield code="a">Fox 2000 Pictures</subfield>
    <subfield code="9">35528</subfield>
  </datafield>
  <datafield tag="710" ind1="2" ind2=" ">
    <subfield code="a">Haishang Films (Firm)</subfield>
    <subfield code="9">35529</subfield>
  </datafield>
  <datafield tag="942" ind1=" " ind2=" ">
    <subfield code="2">ddc</subfield>
    <subfield code="c">DVD</subfield>
    <subfield code="k">791.4372 LIF</subfield>
  </datafield>
  <datafield tag="999" ind1=" " ind2=" ">
    <subfield code="c">18101</subfield>
    <subfield code="d">18073</subfield>
  </datafield>
  <datafield tag="952" ind1=" " ind2=" ">
    <subfield code="0">0</subfield>
    <subfield code="1">0</subfield>
    <subfield code="2">ddc</subfield>
    <subfield code="4">0</subfield>
    <subfield code="7">0</subfield>
    <subfield code="8">Baccah</subfield>
    <subfield code="a">MAIN</subfield>
    <subfield code="b">MAIN</subfield>
    <subfield code="c">2ND</subfield>
    <subfield code="d">2014-03-11</subfield>
    <subfield code="e">Purchase</subfield>
    <subfield code="g">191.00</subfield>
    <subfield code="l">0</subfield>
    <subfield code="o">791.4372 LIF</subfield>
    <subfield code="p">000035684</subfield>
    <subfield code="r">2022-08-24 00:00:00</subfield>
    <subfield code="v">238.75</subfield>
    <subfield code="y">CDVDMOV</subfield>
  </datafield>
</record>
